| 000 | 00718cam a2200205 4500 | ||
|---|---|---|---|
| 001 | D15711 | ||
| 008 | 090401t1980 xxu||||| |||| 00| 0 eng d | ||
| 035 | _a(Sirsi) u24737 | ||
| 041 | _aeng | ||
| 050 | _a346.4104344 | ||
| 090 | _aRICS 1980/118ABC | ||
| 110 |
_aRoyal Institution of Chartered Surveyors _94900 |
||
| 245 | _aModel form of rent review (final form) | ||
| 260 |
_bRICS and the Law Society _c1980 |
||
| 350 | _a0 | ||
| 520 | _aNote: this is a photocopy, not a publication as sold. For notes on Variations, and other precedents, see BERNSTEIN Handbook of rent review (F346.4104344) p.1801; RICS 1980/118 ABC | ||
| 710 |
_aLaw Society of England and Wales _91639 |
||
| 942 | _n0 | ||
| 948 | _c04/03/1997 | ||
| 999 |
_c88601 _d88601 |
||